000
00339nam a2200133Ia 4500
008
151213s9999 xx 000 0 und d
100
_a
Kenneth Allott
245
_a
Mathew Arnold
_c
Kenneth Allott
260
_a
Harlow Essex
_b
the British Council
_c
1968
300
_a
1872 p.
650
_a
English
700
_a
Kenneth Allott
999
_c
1377
_d
1377